Văn bản hướng dẫn đền bù thiệt hại khi nhà nước thu hồi đất để sử dụng vào mục đích quốc phòng, an ninh, lợi ích quốc gia, lợi ích công cộng
Đã lưu trong:
| Format: | Bog |
|---|---|
| Sprog: | Undetermined |
| Udgivet: |
Hà Nội,Xây dựng
1999
|
| Fag: | |
| Tags: |
Tilføj Tag
Ingen Tags, Vær først til at tagge denne postø!
|
| Thư viện lưu trữ: | Trung tâm Học liệu Trường Đại học Cần Thơ |
|---|
| LEADER | 00646nam a2200157Ia 4500 | ||
|---|---|---|---|
| 001 | CTU_62383 | ||
| 008 | 210402s9999 xx 000 0 und d | ||
| 020 | |b 15000 | ||
| 082 | |a 352.57 | ||
| 082 | |b V115 | ||
| 245 | 0 | |a Văn bản hướng dẫn đền bù thiệt hại khi nhà nước thu hồi đất để sử dụng vào mục đích quốc phòng, an ninh, lợi ích quốc gia, lợi ích công cộng | |
| 260 | |b Hà Nội,Xây dựng | ||
| 260 | |c 1999 | ||
| 650 | |a land, nationalization of,public administration | ||
| 904 | |i Minh | ||
| 980 | |a Trung tâm Học liệu Trường Đại học Cần Thơ | ||